| 000 | 02169nam0a2200373 4500 | ||
|---|---|---|---|
| 001 | RU\NLR\BIBL_A\011963388 | ||
| 005 | 20190411112856.0 | ||
| 010 |
_a978-5-00109-662-7 _9500 |
||
| 021 |
_aRU _bКН-П-19-009707 _9КН-П-19-0722 |
||
| 035 | _a(NLR Aleph) 011963388 | ||
| 035 | _a(RuMoRGB)009898576 | ||
| 090 |
_a11216688 _c11216688 |
||
| 100 | _a20190319d2019 k y0rusy50 ca | ||
| 101 | 0 |
_arus _aeng _deng |
|
| 102 | _aRU | ||
| 105 | _aa|||z|||000zy | ||
| 200 | 1 |
_aПсихолого-педагогический подход к образованию в цифровом обществе _eсборник статей Международной научно-практической конференции, 15 января 2019 г., [г. Челябинск] _fАЭТЕРНА научно-издательский центр _g[ответственный редактор: Сукиасян Асатур Альбертович, кандидат экономических наук] |
|
| 210 |
_aЧелябинск _aУфа _cАЭТЕРНА _d2019 |
||
| 215 |
_a130, [3] с. _cил., табл. _d20 |
||
| 300 | _aЧасть текста на англ. яз. | ||
| 320 | _aБиблиогр. в конце ст. | ||
| 606 | 1 |
_aОбразование _jСъезды, совещания и т.п _xПсихологические вопросы _91707403 _3RU\NLR\AUTH\661058410 |
|
| 686 | 1 | _aЮ984.0я431 | |
| 686 | 1 | _aЮ940я431 | |
| 686 | 1 | _aЧ34(0)я431 | |
| 702 | 1 |
_aСукиасян _bА. А. _gАсатур Альбертович _4340 |
|
| 711 | 1 | 2 |
_a"Психолого-педагогический подход к образованию в цифровом обществе", международная научно-практическая конференция _eЧелябинск _f2019 _9655966 _3RU\NLR\AUTH\880498082 |
| 712 | 0 | 2 |
_4475 _a"Аэтерна", научно-издательский центр _cУфа _9475081 _3RU\NLR\AUTH\880404035 |
| 942 | _cBOOK | ||
| 980 | _aNBR | ||
| 980 | _aNB | ||